| 000 | 00656nam a2200193Ii 4500 | ||
|---|---|---|---|
| 003 | JO-AjNU | ||
| 008 | 230605s9999||||xx |||||||||||||| ||und|| | ||
| 040 |
_aJO-AjNU _bara _erda _cJO-AjNU |
||
| 041 | _aara | ||
| 050 | 1 | 4 | _aBP165.B3 1977 |
| 100 | 3 |
_aالبقري، أحمد ماهر محمود, _eauthor _938116 |
|
| 245 | 0 | 0 | _aخطرات في الدين والنفس |
| 264 | 3 | 1 | _aالاسكندرية: مؤسسة شباب الجامعة، 1977 |
| 300 | _a82ص | ||
| 336 |
_atext _btxt _2rdacontent |
||
| 337 |
_aunmediated _bn _2rdamedia |
||
| 338 |
_avolume _bnc _2rdacarrier |
||
| 650 | 4 |
_aالاسلام وعلم النفس- علم النفس _938117 |
|
| 999 |
_aA15987 _c19555 _d19555 |
||